000
00236nam a2200097 a 4500
005
20200930080342.0
008
120409s1903 000 spa d
245
0
_a
Entrega de salnave.
260
_a
Santo Domingo,
_c
1903.
999
_c
36900
_d
36900
040
_a
DO-SdBNP